000 00706 a2200205 4500
001 44926
005 20260407155724.0
008 260407a2006 arg spa d
003 AR-UNSa-BCEJYS
040 _aAR-UNSa-BCEJYS
_bspa
_cAR-UNSa-BCEJYS
080 _a330.34
_xDesarrollo Económico
245 1 0 _aInforme sobre el desarrollo mundial 2007
_pEl desarrollo y la próxima generación. Panorama General
264 1 _aWashington :
_bBanco Mundial
_c2006
300 _ax, 275 p.
_c27 cm.
041 _aspa
942 _cBK
590 _aniveau_biblio:m niveau_hierar:0
100 1 _aBanco Mundial
856 4 1 _uhttps://www.biblioeco.unsa.edu.ar/pmb/images/libros/L127049.jpg
_yImagen de portada
_qimage/jpeg
999 _c3865
_d3865